| Record ID | ia:panatisparadeoff00pana |
| Source | Internet Archive |
| Download MARC XML | https://archive.org/download/panatisparadeoff00pana/panatisparadeoff00pana_marc.xml |
| Download MARC binary | https://www.archive.org/download/panatisparadeoff00pana/panatisparadeoff00pana_meta.mrc |
LEADER: 01325cam 22003138a 4500
005 19920316104943.0
008 901226s1991 nyu 001 0 eng
010 $a90056433 $o24318503
020 $a0060551917$c$25.00
020 $a0060964774 (pbk.)
035 $aABL-5095
040 $aDLC$cDLC$dMLX$dNCL
049 $aNCLA [and] [Ref.] [306.0973] [Pan]$aNCLW
092 $a306.0973$bPan
100 1 $aPanati, Charles,$d1943-
245 10 $aPanati's parade of fads, follies, and manias :$bthe origins of our most cherished obsessions /$cCharles Panati.
250 $a1st ed.
260 $aNew York, NY :$bHarperPerennial,$cc1991.
300 $axx, 491 p. :$bill. ;$c25 cm.
500 $aIncludes index.
650 0 $aFads$zUnited States$xHistory$y20th century.
650 0 $aPopular culture$zUnited States$xHistory$y20th century.
650 0 $aCuriosities and wonders$zUnited States$xHistory$y20th century.
907 $a.b10823876$b07-01-08$c03-07-02
998 $a3cw$a(3)1vt$b10-01-01$cm$da$e-$feng$gnyu$h0$i4
946 $acw$bjmp$c2003-05-17
945 $aOCLC Strip/Reload Project 7/15/03 LB
945 $a306.0973 Pan$g0$i36431000350392$l3cwan$o-$p$8.06$q $r $s-$t201$u1$v2$w0$x0$y.i15971338$z05-19-03
945 $a306.0973 Pan$c1991$g1$i0010102479473$l1vtr $o-$p$0.00$q-$r-$so$t42$u0$v0$w0$x0$y.i11528424$z03-07-02